Responses for Show #8427 - Tuesday, June 22, 2021

Champion's winnings & consolation amounts matched to The Bowery Mission.

Contestants

[<< previous game]

Sandy Olive, a high school English teacher from St. Louis, Missouri

Bridget Gallagher, an accounts receivable clerk from Austin, Texas

Michael Tran, a Ph.D. student from El Monte, California (whose 1-day cash winnings total $12,879)

[next game >>]

Jeopardy! Round responses

YOU GIVE ME FEMA
FOOD TALK
IN THE SCI-FI & FANTASY SECTION
BOROUGH WATCH
PSYCHOLOGY
"AL" WORDS FROM ARABIC
    $200 13
the Federal Emergency Management Agency

Bridget
    $200 24
nachos

Sandy
    $200 15
The Hunger Games

Bridget
    $200 7
Queens

Sandy
    $200 10
introvert & extrovert

Bridget
    $200 1
an alcove

Bridget
    $400 25
earthquake

Bridget
    $400 30
New Orleans

Bridget
    $400 18
Planet of the Apes

Sandy
    $400 22
Manhattan

Bridget
    $2,600 11
the id

Bridget
    $400 2
an almanac

Bridget
    $600 9
[Laughter]
(Savannah: Nicely done, Sandy.)

Hurricane Sandy

Sandy
    $600 6
soba

Sandy
    $600 19
Watchmen

Sandy
    $600 23
Staten Island

Sandy
    $600 8
hypochondria

Sandy
    $600 3
alkaline

Sandy
    $800 26
Oregon & California

Triple Stumper
    $800 14
Wonder Bread

Sandy
    $800 20
scream

Sandy
    $800 28
Bronx

Sandy
    $800 12
Pavlov

Sandy
    $800 4
alfalfa

Bridget
    $1000 27
levees

Sandy
    $1000 17
satay

Michael
    $1000 21
Earthsea

Triple Stumper
    $1000 29
Brooklyn

Bridget
    $1000 16
transference

Bridget
    $1000 5
algorithm

Bridget

Scores at the first commercial break (after clue 15):

Michael Bridget Sandy
$0 $5,600 $4,200

Scores at the end of the Jeopardy! Round:

Michael Bridget Sandy
$1,000 $8,800 $8,600

Double Jeopardy! Round responses

MUSIC HISTORY
AROUND THE WORLD
PLAYING IN TRAFFIC
DESCRIPTIVE WORDS
SCULPTURE & STATUES
C.G., I
    $400 20
Suez

Michael
    $400 10
the Outback

Michael
    $400 21
a see-saw

Bridget
    $400 1
windows

Michael
    $400 26
the Acropolis

Sandy
    $400 15
Clark Gable

Michael
    $800 7
(Savannah: You're a Dead fan.)
(Bridget: I am. [Laughs])

Casey Jones

Bridget
    $800 11
Devils Tower

Michael
    $800 22
a horse

Bridget
    $800 2
marriages

Michael
    $800 27
Mother Nature

Triple Stumper
    $800 16
(Savannah: Yes, show him the money.)

Cuba Gooding Jr.

Sandy
    $1200 6
1800

Triple Stumper
    $3,000 12
Estonia & Lithuania

Michael
    $1200 23
Elvis Presley

Sandy
    $1200 3
glands

Sandy
    $1200 28
(Savannah: Yes! Our St. Louis native's response.)

the St. Louis Cardinals

Sandy
    $1200 17
CeeLo Green

Michael
    $5,500 8
(Bridget: Who is Cabot?)

Henry Hudson

Bridget
    $1600 13
(Bridget: What is Venezuela?)
(Sandy: What is Colombia?)

Argentina

BridgetSandy
Triple Stumper
    $1600 24
your license plate

Michael
    $1600 4
a star

Bridget
    $1600 29
Buddha

Sandy
    $1600 18
Christopher Guest

Sandy
    $2000 9
Pancho Villa

Michael
    $2000 14
(Michael: What is the Isle of Man?)

the Isle of Wight

Michael
Triple Stumper
    $2000 25
(Bridget: What is a roundabout?)

a speed bump

BridgetSandy
    $2000 5
chalk

Triple Stumper
    $2000 30
the Pietà

Sandy
    $2000 19
(Savannah: That's right, it had us singing this morning.)

Crystal Gayle

Sandy

Scores at the end of the Double Jeopardy! Round:

Michael Bridget Sandy
$10,000 $3,300 $21,000
(lock game)

[wagering suggestions for these scores]

Final Jeopardy! Round responses

19th CENTURY LITERARY CREATURES
(Savannah: [To Michael] Lewis Carroll's poem about a ferocious creature, "jabber" as in "a lot of talk".)
BridgetWhat is Jaberwocky?
$0
MichaelWhat is Jabberwock?
$10,000
SandyWhat is a hullaballoo?
$0
the Jabberwock

Final scores:

Michael Bridget Sandy
$20,000 $3,300 $21,000
2nd place: $2,000 3rd place: $1,000 New champion: $21,000

Game dynamics:

Coryat scores:

Michael Bridget Sandy
$8,200 $6,600 $21,000
11 R
(including 1 DD),
1 W
17 R
(including 1 DD),
3 W
(including 1 DD)
24 R,
1 W

Combined Coryat: $35,800

[game clues] [game scores] [suggest correction]

Game tape date: 2021-03-24
The J! Archive is created by fans, for fans. Scraping, republication, monetization, and malicious use prohibited; this site may use cookies and collect identifying information. See terms. The Jeopardy! game show and all elements thereof, including but not limited to copyright and trademark thereto, are the property of Jeopardy Productions, Inc. and are protected under law. This website is not affiliated with, sponsored by, or operated by Jeopardy Productions, Inc. Join the discussion at JBoard.tv.